01603nam a22002057a 450000500170000000800410001704000290005804100080008708200120009510000480010724501200015526000670027530000360034250004780037850504310085650600210128765000270130865000310133570000310136620180220135508.0180220s1928 xxu |||fr|||| 001 0 spa d cSandra YazodSandra Yazo1 aspa04220a5131 aThorndike, Edward L.d1874-1949qEdward Lee10aAritmética métodos modernos de Enseñanzacpor Eduardo Lee Thorndike ; Versión española por José Arteaga aNueva York (Estados Unidos)bRand McNally y Compañíac1928 aviii, 271 páginasc20 x 14 cm aDetalles físicos: Encuadernación rígida en cartón duro forrado en tela texturizada. Lomo y tapa delantera con datos de publicación repujados y tinta en negra. Guardas. Anteportada. Portada impresa en una sola tinta, al verso marca tipográfica de los editores. Texto muy bien impreso, en una sola columna y con diferentes tipos de letra, sobre papel semisatinado. Fórmulas matemáticas. Cuadros. Imágenes y figuras. Ejemplar en buen estado de conservación aPrefacio ; Las necesidades de la vida real ; El interés del educando ; La teoría de la aritmética y sus explicaciones ; La formación de hábitos ; La organización de la materia ; El significado de los números ; La solución de problemas ; El maestro como guía ; Algunos asuntos difíciles ; Algunos errores comunes ; Algunas discusiones instructivas ; Términos, definiciones y reglas ; Pruebas y exámenes  aConsulta en sala 7aAritméticavManuales 7aMatemáticasxEnseñanza1 aArteaga, Joséetraductor